000 00667nam a2200205Ia 4500
003 GCL
008 140319s9999 xx 000 0 ara d
040 _aGCL /
_cGCL
082 0 4 _a378.107
_bا ع
100 1 _aاسماعيل محمد دياب
245 1 0 _aالعائد الاقتصادى المتوقع من التعليم العالى /
_cاسماعيل محمد دياب
260 _a[S.N] :
_bعالم الكتب الحديث ،
_c1990
300 _a160 ص
490 _aقضايا تربوية
_v0
650 0 4 _aالتعليم
650 0 4 _aالتربية
650 0 4 _aالتعليم الجامعى
650 0 4 _aاقتصاديات
942 _2ddc
_cBK
999 _c31917
_d31917